LEADER 01232nam a2200277 u 4500 001 000000084419 003 CaOOAMICUS 005 20070226124057.0 008 050621s1993 it u000 u ita u 020 $a8871046870 035 $a11051867 040 $aPUL$bita 100 1 $aZarone, Giuseppe.$0(OLS)http://pul/name/55609 245 10$aPensiero e verità :$bsaggi metafisico-teologici per la metaetica /$cGiuseppe Zarone. 260 $aNapoli :$bEdizioni scientifiche italiane,$c1993. 300 $a278 p. ;$c21 cm 490 1 $aBiblioteca di filosofia e teologia. Sezione saggi ;$v3 504 $aBibliografia in nota. 650 4$aFilosofia e religione.$0(OLS)http://pul/subject/2646 830 0$aBiblioteca di filosofia e teologia.$pSaggi ;$v3.$0(OLS)http://pul/title/83789 850 $aPUL 852 $aPUL$W1$xSL Religione 3$y85$m201 ZARGI 1$j107360$nBK-PRI$b $qDDC 21$B107360$CPULBib$Z2$F107360 $HPUL98397 $81 941 1 $a9 996 $6020$a8871046870$9(OLS)http://pul/number/111778 996 $6245$aPensiero e verità :$bsaggi metafisico-teologici per la metaetica$9(OLS)http://pul/title/109809 996 $6260$aNapoli :$bEdizioni scientifiche italiane$9(OLS)http://pul/publisher/48388 LEADER 01109nam a2200241 a 4500 001 000000154182 003 CaOOAMICUS 005 20160922160308.0 008 160922s1949 it 000 u ita r 032 $aLibriCat 040 $aPUL$bita 100 1 $aRiccobono, Salvatore,$d1864-1958.$0(OLS)http://pul/name/4397 245 10$aLineamenti della storia delle fonti e del diritto romano :$bcompendio dei corsi di storia e d'esegesi del diritto romano /$cSalvatore Riccobono. 260 $aMilano :$bGiuffrè,$c©1949. 300 $a247 p. ; $c26 cm. 504 $aBibliografia in nota a piè pagina. 650 4$aDiritto romano$xStoria$xFonti.$0(OLS)http://pul/subject/1688 850 $aPUL 852 $aPUL$W1$xDP1 Fondo G. Barberini$y122$m4 F 47$j177238$qFondi$B180205$CPULBib$Z2$F180205 $HBar903 $81 941 1 $a1 996 $6245$aLineamenti della storia delle fonti e del diritto romano :$bcompendio dei corsi di storia e d'esegesi del diritto romano$9(OLS)http://pul/title/193773 996 $6260$aMilano :$bGiuffrè$9(OLS)http://pul/publisher/48401